| Registos Bibliográficos associados ao registo de autoridade |
|
Etiqueta de registo: 01301cam 2200277 450 001 748454 003 http://id.bnportugal.gov.pt/bib/catbnp/748454 005 20000517110400.0 095 ## $aPTBN00535743 100 ## $a19940113d1688 k y0pory0103 ba 101 0# $apor 102 ## $aPT 105 ## $ay z 000yy 106 ## $ar 200 1# $aCompendio manual da Regra da sempre illustre, veneravel, & seraphica Ordem Terceyra
de Poenitencia de N. S. P. S. Francisco...$fSahe a luz por ordem de Joam de Seyxas Vieyra... 210 #9 $aEm Coimbra$cna officina de Joseph Ferreyra,$d1688 215 ## $a57, [7] p.$d8º (14 cm) 305 ## $aObra baseada em "Espelho seraphico" de Fr. Francisco Dias de S. Boaventura, segundo
dedicatória 306 ## $aLicença para correr e taxa de 1689 314 ## $aNome do autor, Manuel da Conceição, na dedicatória 321 1# $aArouca C 491 321 1# $aIberian Books C80865 [78033] 518 1# $aCompêndio manual da Regra da sempre ilustre, venerável e seráfica Ordem Terceira 620 ## $dCoimbra 700 #1 $aConceição,$bManuel da,$f1640-1693,$cO.F.M.$3118167 702 #1 $aFerreira,$bJosé,$ffl. 1665-1707$4610$354033 702 #1 $aDíaz de San Buenaventura,$bFrancisco,$f16---1728,$cO.F.M.$4100$3118181 702 #1 $aVieira,$bJoão de Seixas,$ffl. 16--$4400$3118176 801 #0 $aPT$bBN$gRPC 966 ## $lBN$mFGMON$nFaltam f. C//8, D//1 e D//8; mau estado. - Enc. de perg. - Enc. mau estado$sR. 10428 P. 997 ## $aBIBEOD
Etiqueta de registo: 00254nam 2200025 450 001 2284467 003 http://id.bnportugal.gov.pt/bib/catbnp/2284467 100 ## $a20260417d1750 m y0pory01030103ba 101 0# $aspa 102 ## $aES 105 ## $aa z 000yy 106 ## $ar 200 1# $aTratado de la oracion, meditacion, y deuocion...$fque escriuió el portento de la penitencia San Pedro de Alcantara... $gimpresso a diligencias del Hermano Fr. Roque de Mocejòn...$eal fin de este Libro se hallarà la Novena hecha en obsequio de este Glorioso Santo 210 #9 $aEn Madrid$cen la imprenta de Antonio Sanz...,$d1750 215 ## $a[24], 318, [2] p., [1] grav. extratexto$cil.$d8º (15 cm) 304 ## $aTít. tem sobreposta uma cruz de Cristo 307 ## $aRetrato calcogr. do autor a anteceder a p. 1 307 ## $aAssin.: ¶//8, ¶¶//4, A-V//8 321 ## $aBNE 321 ## $aCCPB CCPB000142192-1 327 11 $aNovena a honor de San Pedro de Alcantara... / escrita por el R. P. Fr. Francisco de
San Buenaventura, Lector que ha sido de Theologia Escolastica.... - p. 289-318 517 1# $aNovena a honor de San Pedro de Alcantara 518 1# $aTratado de la oración, meditación, y devoción 620 ## $dMadrid 700 #0 $aPedro$cde Alcântara,$cSanto,$f1499-1562,$cO.F.M.$348906 701 #1 $aDíaz de San Buenaventura,$bFrancisco,$f16---1728,$cO.F.M.$4070$3118181 702 #1 $aMocejón,$bRoque,$ffl. 1739$4340$31995805 702 #1 $aSanz,$bAntonio, $ffl. 1746-1767$4610$387540 801 #0 $aPT$bBN$gRPC 856 40 $2Cópia digital disponível em Google Books$uhttps://books.google.pt/books?id=sCrMnUneCBwC&hl=pt-PT&pg=PP5#v=onepage&q&f=false 966 ## $lBN$mFGMON$sR. 1751 P. 971 ## $cpmesqui$d20260415 997 ## $aBIBEOD
Etiqueta de registo: 00254nam 2200025 450 001 2284464 003 http://id.bnportugal.gov.pt/bib/catbnp/2284464 100 ## $a20260415d1736 m y0pory01030103ba 101 0# $aspa 102 ## $aES 105 ## $aa z 000yy 106 ## $ar 200 1# $aTratado de la oracion, meditación y devocion$fque escrivio... San Pedro de Alcántara$gimpresso... a diligencias del Hermano Fr. Roque de Mocejón...$eal fin de este libro se hallará la Novena hecha en obsequio de este Glorioso Santo 210 #9 $aEn Madrid$cen la Imprenta y Libreria de Manuel Fernandez, frente de la Cruz de Puerta Cerrada,$d1739 215 ## $a[24], 244, [4] p.$cil.$d8º 307 ## $aRetrato calcogr. do autor no verso do f. ¶¶//4 307 ## $aAssin.: ¶//8, ¶¶//4, A-P//8, Q//4 321 ## $aBNE 321 ## $aCCPB CCPB000142190-5 327 11 $aNovena a honor de San Pedro de Alcantara... / escrita por el R. P. Fr. Francisco de
San Buenaventura, Lector que ha sido de Theologia Escolastica.... - p. 207-244 517 1# $aNovena a honor de San Pedro de Alcantara 620 ## $dMadrid 700 #0 $aPedro$cde Alcântara,$cSanto,$f1499-1562,$cO.F.M.$348906 701 #1 $aDíaz de San Buenaventura,$bFrancisco,$f16---1728,$cO.F.M.$4070$3118181 702 #1 $aMocejón,$bRoque,$ffl. 1739$4340$31995805 702 #1 $aFernandez,$bManuel,$fca. 1717-1772$4610$387842 801 #0 $aPT$bBN$gRPC 966 ## $lBN$mFGMON$sR. 16541 P.$x0 971 ## $cpmesqui$d20260415 997 ## $aBIBEOD
|
|
|